000 00220 a2200097 4500
001 40768
100 _aA Aziz
245 _aPakistan From Crisis to Crisis
260 _aKarachi
_bRoyal Book Co.
_c
090 _c25050
_d25050
942 _aNUST-CAE
_cM
_c16726
999 _c275841
_d275841